000 00525nam a2200181Ia 4500
008 151018s9999 xx 000 0 und d
082 _bRBASDV50051
_a891.468
100 _aशिरीष कणेकर
245 _aलगावबत्ती
250 _b2
260 _bदिलीप
_c2007
300 _a370
600 _aशिरीष कणेकर
630 _aलगावबत्ती
700 _aशिरीष कणेकर
730 _aलगावबत्ती
942 _cBOOK
999 _c1049035
_d1049032